Violencia familiar (Registro nro. 6049)

Detalles MARC
000 -Cabecera
Campo de control de longitud fija 00759aam a2200289 4500
005 - Fecha y hora de la última transacción
Campo de control 20250820160112.0
008 - Elementos de longitud fija--Información general
Campo de control de longitud fija 150527b2002 xxu||||| |||| 00| 0 spa d
020 ## - International Standard Book Number
Número Internacional Estándar del Libro (ISBN) 9507273913
041 ## - Idioma
Código de idioma Español
082 ## - Clasificación Decimal Dewey
Número de clasificación 362.829.2 V795v
245 ## - Título propiamente dicho
Título Violencia familiar
260 ## - Pie de imprenta
Lugar de publicación, distribución, etc. Argentina
260 ## - Pie de imprenta
Nombre del editor, distribuidor, etc. Rubinzal Culzoni
260 ## - Pie de imprenta
Fecha de publicación, distribución, etc. 2002
300 ## - Descripción física
Extensión 325 páginas
490 ## - Serie
Título de la Serie Investigación Criminal
650 ## - Materia general
Temática (materia general) VIOLENCIA FAMILIAR
650 ## - Materia general
Temática (materia general) ABUSO SEXUAL
650 ## - Materia general
Temática (materia general) MALTRATO INFANTIL
650 ## - Materia general
Temática (materia general) MALTRATO AL ANCIANO
650 ## - Materia general
Temática (materia general) VIOLENCIA DOMEÉSTICA
650 ## - Materia general
Temática (materia general) MALTRATO DE MUJERES
650 ## - Materia general
Temática (materia general) PERSONAS CON DISCAPACIDAD
650 ## - Materia general
Temática (materia general) ADOPCIÓN Y VIOLENCIA
650 ## - Materia general
Temática (materia general) MEDIACIÓN EN VIOLENCIA FAMILIAR
942 ## - Punto de acceso adicional KOHA
Tipo de ítem KOHA Libro
Fuente del sistema de clasificación o colocación Dewey Decimal Classification
Existencias
Signatura completa Código de barras Programa Académico Tipo de ítem
362.8292 V795v 2824 Investigación Criminal Libro
362.8292 V795v 9786 Investigación Criminal Libro